000 00406nam a2200169Ia 4500
008 230524s9999 xx 000 0 und d
020 _a9789380856069
082 _bRED
100 _aJaya Rami Reddy
_942230
245 2 _aA textbook of Hydrology
250 _a3
260 _aNew Delhi
_bLaxmi Publi.
_c2016
300 _a"IX,509p;"
500 _aQuantity Number: 1
650 _aCivil
942 _cBK
999 _c56582
_d56582